000 00366nam a2200145Ia 4500
005 20250729165727.0
008 250729s2017 xx 000 0 und d
041 _aeng
082 _a370.25 KONV
100 _aDr.N.B.Kongawada
_9231513
245 _aValue Education
260 _aGadag
_bVidyanidhi Prakashana
_c2017
300 _a198p
650 _aEducation
_9231514
999 _c239319
_d239319